<?xml version="1.0" encoding="UTF-8"?>
<record
    xmlns:xsi="http://www.w3.org/2001/XMLSchema-instance"
    xsi:schemaLocation="http://www.loc.gov/MARC21/slim http://www.loc.gov/standards/marcxml/schema/MARC21slim.xsd"
    xmlns="http://www.loc.gov/MARC21/slim">

  <leader>00822nam0a22002531  4500</leader>
  <controlfield tag="001">rc\105469</controlfield>
  <controlfield tag="005">20250620183051.0</controlfield>
  <datafield tag="035" ind1=" " ind2=" ">
    <subfield code="a">(NLR Aleph) 005367442</subfield>
  </datafield>
  <datafield tag="090" ind1=" " ind2=" ">
    <subfield code="a">6963961</subfield>
    <subfield code="c">6963961</subfield>
  </datafield>
  <datafield tag="100" ind1=" " ind2=" ">
    <subfield code="a">20021216d1995    |||y0rusy50      ca</subfield>
  </datafield>
  <datafield tag="101" ind1="0" ind2=" ">
    <subfield code="a">rus</subfield>
  </datafield>
  <datafield tag="102" ind1=" " ind2=" ">
    <subfield code="a">RU</subfield>
  </datafield>
  <datafield tag="105" ind1=" " ind2=" ">
    <subfield code="a">y   |||||||||</subfield>
  </datafield>
  <datafield tag="200" ind1="1" ind2=" ">
    <subfield code="a">&#x423;&#x432;&#x435;&#x440;&#x435;&#x43D;&#x43D;&#x43E;&#x441;&#x442;&#x44C; &#x432; &#x441;&#x43F;&#x430;&#x441;&#x435;&#x43D;&#x438;&#x438;, &#x43D;&#x430;&#x434;&#x435;&#x436;&#x43D;&#x43E;&#x441;&#x442;&#x44C; &#x438; &#x440;&#x430;&#x434;&#x43E;&#x441;&#x442;&#x44C; &#x441;&#x43F;&#x430;&#x441;&#x435;&#x43D;&#x438;&#x44F;</subfield>
    <subfield code="e">[&#x41F;&#x435;&#x440;. &#x441; &#x430;&#x43D;&#x433;&#x43B;.]</subfield>
  </datafield>
  <datafield tag="210" ind1=" " ind2=" ">
    <subfield code="a">[&#x41C;.]</subfield>
    <subfield code="c">&#x411;. &#x438;.</subfield>
    <subfield code="d">[1995]</subfield>
  </datafield>
  <datafield tag="215" ind1=" " ind2=" ">
    <subfield code="a">21 &#x441;.</subfield>
    <subfield code="d">17</subfield>
  </datafield>
  <datafield tag="300" ind1=" " ind2=" ">
    <subfield code="a">&#x41F;&#x435;&#x440;. &#x438;&#x437;&#x434;.: The assurance, security and joy of salvation (Anaheim)</subfield>
  </datafield>
  <datafield tag="300" ind1=" " ind2=" ">
    <subfield code="a">&#x41D;&#x430; &#x442;&#x438;&#x442;. &#x43B;.: &#x410;&#x43D;&#x430;&#x445;&#x430;&#x439;&#x43C;: &#x416;&#x438;&#x432;&#x43E;&#x439; &#x43F;&#x43E;&#x442;&#x43E;&#x43A;</subfield>
  </datafield>
  <datafield tag="700" ind1=" " ind2="1">
    <subfield code="a">&#x41B;&#x438;</subfield>
    <subfield code="b">&#x423;.</subfield>
    <subfield code="f">-1997</subfield>
    <subfield code="g">&#x423;&#x438;&#x442;&#x43D;&#x435;&#x441;&#x441;</subfield>
  </datafield>
  <datafield tag="801" ind1=" " ind2="0">
    <subfield code="a">RU</subfield>
    <subfield code="b">NLR</subfield>
    <subfield code="g">psbo</subfield>
  </datafield>
  <datafield tag="801" ind1=" " ind2="1">
    <subfield code="a">RU</subfield>
    <subfield code="b">ELAR</subfield>
    <subfield code="2">rusmarc</subfield>
  </datafield>
  <datafield tag="852" ind1=" " ind2=" ">
    <subfield code="a">NLR</subfield>
    <subfield code="j">95-1/313</subfield>
  </datafield>
  <datafield tag="942" ind1=" " ind2=" ">
    <subfield code="c">BOOK</subfield>
  </datafield>
  <datafield tag="980" ind1=" " ind2=" ">
    <subfield code="a">NB</subfield>
  </datafield>
  <datafield tag="995" ind1=" " ind2=" ">
    <subfield code="5">2013-10-26</subfield>
    <subfield code="b">NLR01</subfield>
    <subfield code="c">NLR01</subfield>
    <subfield code="e">RF8</subfield>
    <subfield code="f">5367442-10</subfield>
    <subfield code="k">95-1/313</subfield>
    <subfield code="o">0</subfield>
    <subfield code="r">BOOK</subfield>
    <subfield code="s">951313_</subfield>
  </datafield>
</record>
